Score 0/20 Timer 05:00
0 Plays Today
% Correct
IIII
94.1%
AAAA
91.2%
NNNN
88.2%
UUUU
88.2%
EEEE
82.4%
KKKK
82.4%
HHHH
80.9%
MMMM
76.5%
OOOO
76.5%
PPPP
76.5%
% Correct
RRRR
72.1%
GGGG
61.8%
SSSS
61.8%
ZZZZ
60.3%
BBBB
57.4%
FFFF
57.4%
TTTT
57.4%
LLLL
54.4%
DDDD
51.5%
CCCC
50%
Remove Ads.
Support Sporcle.
Get the best of Sporcle when you Go Orange. This ad-free experience offers more features, more stats, and more fun while also helping to support Sporcle. Thank you for becoming a member.

You're not logged in!

Compare scores with friends on all Sporcle quizzes.
OR
Log In

Show Comments

Extras

Top Quizzes Today


Score Distribution

Your Account Isn't Verified!

In order to create a playlist on Sporcle, you need to verify the email address you used during registration. Go to your Sporcle Settings to finish the process.

Report this User

Report this user for behavior that violates our Community Guidelines.

Details: